[Event "Bregenz Bodensee Seniors op"]
[Site "Bregenz"]
[Date "2024.05.07"]
[Round "3"]
[White "Abel, Hans Peter"]
[Black "Wielsch, Klaus"]
[Result "0-1"]
[WhiteElo "1858"]
[BlackElo "2137"]
[PlyCount "46"]
[EventDate "2024.05.05"]
[EventType "swiss"]
[EventRounds "7"]
[EventCountry "AUT"]
[SourceTitle "CB21_2024"]
[SourceDate "2024.05.22"]
[SourceVersion "1"]
[SourceVersionDate "2024.05.22"]
[SourceQuality "1"]

1. c4 f5 2. e3 Nf6 3. Nc3 g6 4. g3 Bg7 5. Bg2 e5 6. d3 0-0 7. Nge2 d6 8. 0-0 c6 9. f4 Be6 10. b3 Re8 11. Bb2 Nbd7 12. Qd2 Qc7 13. Rad1 Rad8 14. Qc1 Bf7 15. h3 exf4 16. exf4 Nc5 17. Kh2 a5 18. Rfe1 h5 19. Nd4 Rxe1 20. Rxe1 Nxd3 21. Qd2 Nxe1 22. Qxe1 Re8 23. Qd2 h4 0-1

[Event "Bregenz Bodensee Seniors op"]
[Site "Bregenz"]
[Date "2024.05.06"]
[Round "2"]
[White "Wielsch, Klaus"]
[Black "Raddatz, Michael"]
[Result "0-1"]
[WhiteElo "2137"]
[BlackElo "1929"]
[PlyCount "157"]
[EventDate "2024.05.05"]
[EventType "swiss"]
[EventRounds "7"]
[EventCountry "AUT"]
[SourceTitle "CB21_2024"]
[SourceDate "2024.05.22"]
[SourceVersion "1"]
[SourceVersionDate "2024.05.22"]
[SourceQuality "1"]

1. d4 Nf6 2. c4 g6 3. f3 c5 4. d5 Bg7 5. Nc3 0-0 6. e4 d6 7. Bg5 a6 8. Qd2 Bd7 9. a4 a5 10. Nge2 Na6 11. Nc1 Nb4 12. Be2 h6 13. Be3 e6 14. 0-0 exd5 15. cxd5 Kh7 16. Nd3 c4 17. Ne1 Rc8 18. Nc2 Re8 19. Rfe1 Na6 20. Nd4 Nc5 21. Ra3 Qb6 22. Ndb5 Qa6 23. Qc2 Bxb5 24. axb5 Qa8 25. Bxc4 Ncd7 26. b3 b6 27. Na4 Qb8 28. Qf2 Nc5 29. Nxc5 dxc5 30. Qg3 Qb7 31. Qh3 Rcd8 32. Kf1 Qe7 33. Ra2 Nh5 34. g4 Qd7 35. Qg2 Nf6 36. Rae2 Qd6 37. Qg3 Qe7 38. Bf4 Nd7 39. Bd6 Be5 40. Bxe7 Bxg3 41. Bxd8 Bxe1 42. Bxb6 Bc3 43. Bc7 Kg7 44. b6 Ra8 45. Bb5 Nxb6 46. Bxb6 Rb8 47. Bxc5 Rxb5 48. Be3 Rxb3 49. Rc2 Be5 50. Ke2 g5 51. Ra2 Rb5 52. Bd2 Bc7 53. Bc3+ Kf8 54. Kd3 Rc5 55. Bd4 Rb5 56. Kc4 Rb4+ 57. Kc3 Rb5 58. h3 Rb1 59. Bc5+ Ke8 60. Re2 Be5+ 61. Kc4 Kd7 62. Ra2 Rc1+ 63. Kb5 Kc7 64. Bf8 Rb1+ 65. Kc5 Rb3 66. Bxh6 Rxf3 67. Bxg5 Rxh3 68. Rf2 Bd6+ 69. Kd4 Kc8 70. e5 Bb8 71. Ra2 Rg3 72. Bf6 Rxg4+ 73. Kc5 Ba7+ 74. Kb5 Rd4 75. d6 Kd7 76. Ka6 Bc5 77. Rxa5 Kc6 78. Ra2 Rg4 79. Bd8 0-1

[Event "Oberliga Baden 1718"]
[Site "Baden"]
[Date "2018.02.25"]
[Round "7.8"]
[White "Wielsch, Klaus"]
[Black "Friedel, Marcus"]
[Result "1/2-1/2"]
[WhiteElo "2137"]
[BlackElo "2193"]
[PlyCount "21"]
[EventDate "2017.10.08"]
[EventType "team-tourn"]
[EventRounds "9"]
[EventCountry "GER"]
[SourceTitle "EXT 2019"]
[Source "ChessBase"]
[SourceDate "2018.10.10"]
[SourceVersion "1"]
[SourceVersionDate "2018.10.10"]
[SourceQuality "1"]
[WhiteTeam "Brombach"]
[BlackTeam "Ettlingen"]
[WhiteTeamCountry "GER"]
[BlackTeamCountry "GER"]

1. d4 d5 2. c4 c6 3. Nc3 Nf6 4. e3 a6 5. b3 Bf5 6. Bb2 e6 7. Nf3 Nbd7 8. Bd3 Bxd3 9. Qxd3 Bb4 10. 0-0 0-0 11. a3 1/2-1/2

[Event "Oberliga Baden 1415"]
[Site "Baden"]
[Date "2014.09.21"]
[Round "1.8"]
[White "Wielsch, Klaus"]
[Black "Tiemann, Tobias"]
[Result "1/2-1/2"]
[WhiteElo "2144"]
[BlackElo "1987"]
[PlyCount "80"]
[EventDate "2014.09.21"]
[EventType "team-tourn"]
[EventRounds "9"]
[EventCountry "GER"]
[SourceTitle "EXT 2016"]
[Source "ChessBase"]
[SourceDate "2015.10.08"]
[SourceVersion "1"]
[SourceVersionDate "2015.10.08"]
[SourceQuality "1"]
[WhiteTeam "Brombach"]
[BlackTeam "Baden-Baden III"]
[WhiteTeamCountry "GER"]
[BlackTeamCountry "GER"]

1. d4 d5 2. c4 c6 3. Nc3 Nf6 4. e3 e6 5. Nf3 Nbd7 6. b3 Bd6 7. Bb2 0-0 8. Be2 b6 9. 0-0 Bb7 10. Rc1 Re8 11. Qc2 Rc8 12. Rfd1 Qc7 13. cxd5 cxd5 14. Bd3 Qb8 15. h3 Ne4 16. Qe2 f5 17. Nb5 Be7 18. Ne5 Nxe5 19. dxe5 a6 20. Nd4 Nc5 21. f4 Nxd3 22. Qxd3 Bc5 23. Nf3 Be7 24. Bd4 b5 25. Qd2 Bc6 26. Bc5 Qb7 27. Qb4 Bd8 28. Nd4 Bd7 29. Qa3 a5 30. b4 Ra8 31. Qb2 axb4 32. Bxb4 Bb6 33. Bc5 Ra4 34. Bxb6 Qxb6 35. Rb1 Rea8 36. Ra1 Qa7 37. Rd2 Qa5 38. Kf2 Rb4 39. Qc3 Rc8 40. Qd3 g6 1/2-1/2

[Event "Verbandsliga Sued Baden 1314"]
[Site "Germany"]
[Date "2014.04.13"]
[Round "9.7"]
[White "Wielsch, Klaus"]
[Black "Jurga, Jonas Vincent"]
[Result "1/2-1/2"]
[WhiteElo "2144"]
[BlackElo "1660"]
[PlyCount "95"]
[EventDate "2013.10.20"]
[EventType "team-tourn"]
[EventRounds "9"]
[EventCountry "GER"]
[SourceTitle "EXT 2015"]
[Source "ChessBase"]
[SourceDate "2014.11.20"]
[SourceVersion "1"]
[SourceVersionDate "2014.11.20"]
[SourceQuality "1"]
[WhiteTeam "Brombach"]
[BlackTeam "Baden-Baden IV"]
[WhiteTeamCountry "GER"]
[BlackTeamCountry "GER"]

1. d4 Nf6 2. c4 g6 3. Nc3 Bg7 4. e4 d6 5. f3 0-0 6. Bg5 Nbd7 7. Nge2 c5 8. d5 a6 9. Qd2 Rb8 10. Nc1 Qc7 11. Be2 Re8 12. 0-0 Nf8 13. Rd1 Bd7 14. a4 b6 15. Be3 Red8 16. Rb1 Be8 17. N1a2 Bd7 18. b4 Be8 19. Rb3 Kh8 20. Rdb1 N6d7 21. Qc1 Kg8 22. Qa3 Kh8 23. a5 bxa5 24. Qxa5 Qxa5 25. bxa5 Rxb3 26. Rxb3 Rb8 27. Bd1 e6 28. Kf1 Bf6 29. Bd2 Bd8 30. Na4 Rxb3 31. Bxb3 Kg7 32. Ke2 e5 33. Nb2 Nb8 34. Nc1 f6 35. Ncd3 Kf7 36. g3 Bd7 37. Na4 Bxa4 38. Bxa4 Nfd7 39. f4 Kg7 40. Kf3 Bc7 41. Bc3 Bd8 42. g4 h6 43. h4 Be7 44. g5 Bd8 45. Bc6 hxg5 46. hxg5 Kf7 47. Ba4 exf4 48. gxf6 1/2-1/2

[Event "Baden-ch"]
[Site "Emmendingen"]
[Date "2012.06.10"]
[Round "9"]
[White "Wielsch, Klaus"]
[Black "Scherer, Max"]
[Result "0-1"]
[WhiteElo "2155"]
[BlackElo "2258"]
[PlyCount "58"]
[EventDate "2012.06.04"]
[EventType "swiss"]
[EventRounds "9"]
[EventCountry "GER"]
[SourceTitle "CBM 148 Extra"]
[Source "ChessBase"]
[SourceDate "2012.06.22"]
[SourceVersion "1"]
[SourceVersionDate "2012.06.22"]
[SourceQuality "1"]

1. d4 b6 2. e4 e6 3. a3 Bb7 4. Nc3 Ne7 5. d5 Ng6 6. g3 e5 7. Bg2 a5 8. Nge2 Bc5 9. Na4 Be7 10. Be3 Bg5 11. Qd2 Bxe3 12. Qxe3 d6 13. c4 0-0 14. 0-0 Na6 15. Rab1 Bc8 16. b4 Bd7 17. Nac3 axb4 18. axb4 f5 19. exf5 Bxf5 20. Ne4 Nb8 21. c5 bxc5 22. bxc5 Nd7 23. c6 Nb6 24. N2c3 Ra5 25. Rxb6 cxb6 26. Rb1 Ne7 27. Qxb6 Qxb6 28. Rxb6 Ra1+ 29. Bf1 Nxd5 0-1

[Event "Baden-ch"]
[Site "Emmendingen"]
[Date "2012.06.06"]
[Round "4"]
[White "Wielsch, Klaus"]
[Black "Schlenker, Joerg"]
[Result "0-1"]
[WhiteElo "2155"]
[BlackElo "2213"]
[PlyCount "88"]
[EventDate "2012.06.04"]
[EventType "swiss"]
[EventRounds "9"]
[EventCountry "GER"]
[SourceTitle "CBM 148 Extra"]
[Source "ChessBase"]
[SourceDate "2012.06.22"]
[SourceVersion "1"]
[SourceVersionDate "2012.06.22"]
[SourceQuality "1"]

1. d4 d6 2. e4 g6 3. c3 Bg7 4. Nf3 Nd7 5. Bc4 e6 6. 0-0 Ne7 7. Re1 0-0 8. Bf4 h6 9. h3 g5 10. Bg3 Ng6 11. Nbd2 Kh8 12. e5 Nb6 13. Qe2 Nxc4 14. Nxc4 b5 15. Ne3 Rb8 16. Rad1 Bb7 17. Ng4 a5 18. Nd2 Qe7 19. Ne4 Bxe4 20. Qxe4 d5 21. Qf3 b4 22. Re2 c5 23. Nf6 bxc3 24. bxc3 cxd4 25. cxd4 Rb4 26. Qh5 Rc8 27. h4 gxh4 28. Bxh4 Qa7 29. Bg5 Rxd4 30. Rxd4 Qxd4 31. Ng4 Nf4 32. Bxf4 Qxf4 33. g3 Qg5 34. Qh3 Qf5 35. Qh4 Kh7 36. Nf6+ Bxf6 37. exf6 Qf3 38. Re1 Rc4 39. Qh2 Rc2 40. a3 Qxf6 41. Re3 e5 42. Qg2 e4 43. g4 Qf4 44. Rg3 d4 0-1

[Event "Baden-ch"]
[Site "Emmendingen"]
[Date "2012.06.05"]
[Round "2"]
[White "Wielsch, Klaus"]
[Black "Hilzinger, Markus"]
[Result "1-0"]
[WhiteElo "2155"]
[BlackElo "2087"]
[PlyCount "48"]
[EventDate "2012.06.04"]
[EventType "swiss"]
[EventRounds "9"]
[EventCountry "GER"]
[SourceTitle "CBM 148 Extra"]
[Source "ChessBase"]
[SourceDate "2012.06.22"]
[SourceVersion "1"]
[SourceVersionDate "2012.06.22"]
[SourceQuality "1"]

1. d4 Nf6 2. c4 g6 3. Nc3 Bg7 4. e4 d6 5. f3 0-0 6. Bg5 h6 7. Be3 c5 8. d5 e6 9. Nge2 exd5 10. cxd5 a6 11. a4 Nbd7 12. Nc1 Rb8 13. Be2 Re8 14. 0-0 Qc7 15. Qd2 h5 16. Nb3 Ne5 17. h3 Qb6 18. Ra3 Qb4 19. Qc2 Nc4 20. Bxc4 Qxc4 21. Nd2 Qb4 22. a5 Bd7 23. Rfa1 Nxd5 24. Nxd5 Bxb2 1-0

[Event "Verbandsliga Sued Baden 1112"]
[Site "Germany"]
[Date "2012.03.25"]
[Round "8.6"]
[White "Marentini, Marcel"]
[Black "Wielsch, Klaus"]
[Result "1/2-1/2"]
[WhiteElo "2054"]
[BlackElo "2155"]
[PlyCount "30"]
[EventDate "2011.10.09"]
[EventType "team-tourn"]
[EventRounds "9"]
[EventCountry "GER"]
[SourceTitle "EXT 2013"]
[Source "ChessBase"]
[SourceDate "2012.11.22"]
[SourceVersion "1"]
[SourceVersionDate "2012.11.22"]
[SourceQuality "1"]
[WhiteTeam "Gottmadingen"]
[BlackTeam "Brombach"]
[WhiteTeamCountry "GER"]
[BlackTeamCountry "GER"]

1. c4 c5 2. g3 Nc6 3. Bg2 g6 4. Nc3 Bg7 5. Nf3 e5 6. 0-0 Nge7 7. Ne1 0-0 8. Nc2 d6 9. a3 Be6 10. Ne3 Rb8 11. Rb1 a6 12. b4 cxb4 13. axb4 b5 14. cxb5 axb5 15. Ned5 Qd7 1/2-1/2

[Event "Verbandsliga Sued Baden 1112"]
[Site "Germany"]
[Date "2011.11.27"]
[Round "3.6"]
[White "Wielsch, Klaus"]
[Black "Dettweiler, Christian"]
[Result "1/2-1/2"]
[WhiteElo "2155"]
[BlackElo "2014"]
[PlyCount "80"]
[EventDate "2011.10.09"]
[EventType "team-tourn"]
[EventRounds "9"]
[EventCountry "GER"]
[SourceTitle "EXT 2013"]
[Source "ChessBase"]
[SourceDate "2012.11.22"]
[SourceVersion "1"]
[SourceVersionDate "2012.11.22"]
[SourceQuality "1"]
[WhiteTeam "Brombach"]
[BlackTeam "Iffezheim"]
[WhiteTeamCountry "GER"]
[BlackTeamCountry "GER"]

1. d4 Nf6 2. c4 g6 3. Nc3 d5 4. cxd5 Nxd5 5. e4 Nxc3 6. bxc3 Bg7 7. Bc4 c5 8. Ne2 0-0 9. 0-0 Nc6 10. Be3 Qc7 11. Rc1 Na5 12. Bd3 b6 13. Qd2 Rd8 14. f4 f5 15. exf5 Bxf5 16. Ng3 Bxd3 17. Qxd3 e6 18. Rfd1 Qd7 19. Qe2 cxd4 20. Bxd4 Bxd4+ 21. Rxd4 Qc6 22. Rcd1 Rxd4 23. Rxd4 Nb7 24. Ne4 Rd8 25. Nf6+ Kf7 26. Qe5 Rxd4 27. Qxd4 Qc5 28. Nxh7 Qxd4+ 29. cxd4 Nd6 30. Ng5+ Ke7 31. Kf2 Nb5 32. Ke3 Nc3 33. g4 Nxa2 34. h4 Nc3 35. h5 gxh5 36. gxh5 Nd5+ 37. Ke4 Nf6+ 38. Ke5 Ng4+ 39. Ke4 Nf6+ 40. Ke5 Ng4+ 1/2-1/2

[Event "Baden-ch op"]
[Site "Badenweiler"]
[Date "2009.06.06"]
[Round "7"]
[White "Wielsch, Klaus"]
[Black "Nabavi, Parwis"]
[Result "0-1"]
[WhiteElo "2144"]
[BlackElo "2126"]
[PlyCount "80"]
[EventDate "2009.06.01"]
[EventType "swiss"]
[EventRounds "9"]
[EventCountry "GER"]
[SourceTitle "EXT 2010"]
[Source "ChessBase"]
[SourceDate "2010.11.25"]
[SourceVersion "1"]
[SourceVersionDate "2010.11.25"]
[SourceQuality "1"]

1. d4 d5 2. c4 e6 3. Nc3 Nf6 4. cxd5 exd5 5. Bg5 Be7 6. e3 c6 7. Bd3 0-0 8. Qc2 Nbd7 9. Nge2 Re8 10. h3 Nf8 11. 0-0 Bd6 12. Rae1 Ng6 13. Nf4 Bd7 14. Nxg6 hxg6 15. f4 Be7 16. f5 gxf5 17. Bxf5 Bxf5 18. Rxf5 g6 19. Rf4 Nh7 20. Bxe7 Rxe7 21. Qf2 Qd7 22. e4 dxe4 23. Rexe4 Rae8 24. h4 a5 25. g4 g5 26. Rxe7 Rxe7 27. Rf5 gxh4 28. Kg2 Nf8 29. d5 Ng6 30. Qd4 cxd5 31. Nxd5 Qc6 32. Kh3 Re6 33. g5 Qd6 34. Qc3 Kf8 35. Nf6 Qc6 36. Qa3+ Kg7 37. Nh5+ Kg8 38. Nf6+ Kh8 39. Rd5 Qc8 40. Rf5 Re5 0-1

[Event "Baden-ch op"]
[Site "Badenweiler"]
[Date "2009.06.04"]
[Round "5"]
[White "Wielsch, Klaus"]
[Black "Muheim, Sebastien"]
[Result "1/2-1/2"]
[WhiteElo "2144"]
[BlackElo "2031"]
[PlyCount "86"]
[EventDate "2009.06.01"]
[EventType "swiss"]
[EventRounds "9"]
[EventCountry "GER"]
[SourceTitle "EXT 2010"]
[Source "ChessBase"]
[SourceDate "2010.11.25"]
[SourceVersion "1"]
[SourceVersionDate "2010.11.25"]
[SourceQuality "1"]

1. d4 f5 2. c4 Nf6 3. Nc3 g6 4. Nf3 Bg7 5. g3 0-0 6. Bg2 d6 7. 0-0 Qe8 8. Nd5 Nxd5 9. cxd5 h6 10. Qb3 Qf7 11. Ne1 g5 12. e3 Nd7 13. Bd2 f4 14. Rc1 Qh5 15. exf4 Bxd4 16. Rxc7 Bb6 17. Rc4 Nc5 18. Qc3 Bd7 19. fxg5 hxg5 20. Nf3 g4 21. Nd4 Rf7 22. Qe3 Rg7 23. Qh6 Qf7 24. Bc3 Rg6 25. Qh5 Na4 26. Be4 Rg7 27. Qxf7+ Rxf7 28. Kg2 Nxc3 29. bxc3 Bc5 30. a4 a6 31. Ne6 b5 32. Nxc5 Bc8 33. axb5 axb5 34. Rd4 dxc5 35. Rd2 Ra3 36. d6 e6 37. Bc6 Bd7 38. Bxd7 Rxd7 39. Rb1 Rxc3 40. Rxb5 Rc4 41. f3 gxf3+ 42. Kxf3 Kf7 43. h4 Kf6 1/2-1/2

[Event "Baden-ch MT"]
[Site "Oberwinden"]
[Date "2007.04.12"]
[Round "9"]
[White "Wielsch, Klaus"]
[Black "Sbierski, Jan"]
[Result "1/2-1/2"]
[WhiteElo "2167"]
[BlackElo "2072"]
[PlyCount "90"]
[EventDate "2007.04.06"]
[EventType "swiss"]
[EventRounds "11"]
[EventCountry "GER"]
[SourceTitle "CBM 117 Extra"]
[Source "ChessBase"]
[SourceDate "2007.05.09"]
[SourceVersion "1"]
[SourceVersionDate "2007.05.09"]
[SourceQuality "1"]

1. d4 f5 2. Nc3 Nf6 3. Bg5 d5 4. Bxf6 exf6 5. e3 Be6 6. Bb5+ c6 7. Bd3 Nd7 8. Qf3 g6 9. Nge2 Nb6 10. h3 Qd7 11. Nf4 Bb4 12. a3 Bxc3+ 13. bxc3 0-0-0 14. a4 Kb8 15. Kd2 Nc8 16. Rhb1 Nd6 17. Rb4 g5 18. Nxe6 Qxe6 19. Qe2 Rhe8 20. c4 c5 21. dxc5 dxc4 22. cxd6 cxd3 23. Qf3 Rd7 24. Rab1 b6 25. Qc6 Rb7 26. cxd3 Rc8 27. Qf3 Qxd6 28. Qxf5 Rbc7 29. d4 Rc2+ 30. Kd1 Qc6 31. d5 Rc1+ 32. Ke2 Qc3 33. Rxc1 Qxc1 34. Rd4 Rc2+ 35. Kf3 h5 36. d6 Qb2 37. Qxc2 Qxc2 38. d7 Qf5+ 39. Ke2 Qc2+ 40. Rd2 Qxd2+ 41. Kxd2 Kc7 42. Kd3 Kxd7 43. Ke4 Ke6 44. g4 hxg4 45. hxg4 a6 1/2-1/2

[Event "Baden-ch MT"]
[Site "Oberwinden"]
[Date "2007.04.09"]
[Round "5"]
[White "Wielsch, Klaus"]
[Black "Roes, Helge"]
[Result "0-1"]
[WhiteElo "2167"]
[BlackElo "2127"]
[PlyCount "74"]
[EventDate "2007.04.06"]
[EventType "swiss"]
[EventRounds "11"]
[EventCountry "GER"]
[SourceTitle "CBM 117 Extra"]
[Source "ChessBase"]
[SourceDate "2007.05.09"]
[SourceVersion "1"]
[SourceVersionDate "2007.05.09"]
[SourceQuality "1"]

1. c4 Nf6 2. Nc3 g6 3. d4 Bg7 4. e4 d6 5. f3 0-0 6. Nge2 e5 7. Bg5 h6 8. Be3 Nc6 9. d5 Ne7 10. Qd2 Kh8 11. g4 Nfg8 12. 0-0-0 f5 13. gxf5 gxf5 14. Kb1 a6 15. Rg1 Qe8 16. Nc1 f4 17. Qg2 Qf7 18. Bf2 Bf6 19. c5 Bd7 20. Nb3 Ng6 21. cxd6 cxd6 22. Bb6 Bd8 23. Qf2 Qf6 24. Na5 Rb8 25. Be2 Qh4 26. Qxh4 Nxh4 27. Bxd8 Rfxd8 28. Nc4 Be8 29. b4 Rbc8 30. Kb2 Nxf3 31. Rxg8+ Kxg8 32. Nb6 Rxc3 33. Kxc3 Ng5 34. Rg1 Kh7 35. Bd3 Bg6 36. h4 Nxe4+ 37. Kc2 Ng3 0-1

[Event "Baden-ch MT"]
[Site "Oberwinden"]
[Date "2007.04.07"]
[Round "2"]
[White "Lorenz, Michael"]
[Black "Wielsch, Klaus"]
[Result "1/2-1/2"]
[WhiteElo "2053"]
[BlackElo "2167"]
[PlyCount "35"]
[EventDate "2007.04.06"]
[EventType "swiss"]
[EventRounds "11"]
[EventCountry "GER"]
[SourceTitle "CBM 117 Extra"]
[Source "ChessBase"]
[SourceDate "2007.05.09"]
[SourceVersion "1"]
[SourceVersionDate "2007.05.09"]
[SourceQuality "1"]

1. d4 e6 2. g3 Nf6 3. Bg2 d5 4. c4 Be7 5. Nf3 0-0 6. b3 b6 7. 0-0 Bb7 8. Bb2 Nbd7 9. Nc3 Ne4 10. Nxe4 dxe4 11. Ne5 f5 12. Nxd7 Qxd7 13. Qc2 Rad8 14. Rad1 Bf6 15. e3 Qe7 16. Rd2 Rd7 17. Rfd1 Rfd8 18. Bc3 1/2-1/2

[Event "Baden-ch MT"]
[Site "Oberwinden"]
[Date "2007.04.06"]
[Round "1"]
[White "Wielsch, Klaus"]
[Black "Gorse, Gerard"]
[Result "1-0"]
[WhiteElo "2167"]
[BlackElo "2058"]
[PlyCount "93"]
[EventDate "2007.04.06"]
[EventType "swiss"]
[EventRounds "11"]
[EventCountry "GER"]
[SourceTitle "CBM 117 Extra"]
[Source "ChessBase"]
[SourceDate "2007.05.09"]
[SourceVersion "1"]
[SourceVersionDate "2007.05.09"]
[SourceQuality "1"]

1. d4 Nf6 2. c4 c5 3. d5 e5 4. Nc3 d6 5. e4 Be7 6. Be2 Nbd7 7. Be3 a6 8. Qd2 Nf8 9. h3 Ng6 10. g3 Bd7 11. a4 b6 12. f4 exf4 13. gxf4 Qc7 14. Nf3 0-0-0 15. 0-0-0 Ne8 16. h4 h6 17. h5 Nf8 18. Rhg1 Nh7 19. e5 Bf5 20. Bd3 Qd7 21. Rg3 Nf8 22. Qc2 g6 23. Bxf5 Qxf5 24. Qxf5+ gxf5 25. Rdg1 Kd7 26. Rg8 Rh7 27. b3 Nc7 28. R8g7 Rxg7 29. Rxg7 Ke8 30. Rg8 Rb8 31. Rh8 b5 32. axb5 axb5 33. Rxh6 Kd7 34. exd6 Bxd6 35. Ne5+ Bxe5 36. fxe5 bxc4 37. bxc4 Rb4 38. Rd6+ Kc8 39. Rc6 Rxc4 40. Rxc5 Rxc5 41. Bxc5 Nh7 42. Kd2 Kd7 43. Ke3 f6 44. Kf4 fxe5+ 45. Kxe5 f4 46. Kxf4 Nf6 47. h6 1-0